[Event "SV Recklinghausen-Süd 1 - SG Bochum 3"]
[Site "Verbandsliga, Gruppe 2 2017/2"]
[Date "2017.12.03"]
[Round "4.2"]
[White "Herud, Martin"]
[Black "Butschek, Marc"]
[Result "1-0"]
[WhiteElo "1985"]
[BlackElo "1974"]
[PlyCount "67"]
[EventDate "2017.??.??"]

1. e4 e6 2. Nf3 d5 3. Nc3 Nf6 4. e5 Nfd7 5. d4 c5 6. dxc5 Bxc5 7. Bd3 Nc6 8.
Bf4 f6 9. exf6 Nxf6 10. O-O O-O 11. Ne5 Bd6 12. Qe2 a6 13. Rfe1 Qc7 14. Rad1
Ne4 15. Nxe4 Bxe5 16. Bxe5 Qxe5 17. Nc5 Qf6 18. Nxe6 Re8 19. Bxh7+ Kh8 20. Qh5
Rxe6 21. Bd3+ Kg8 22. Qxd5 Qf7 23. Re4 Rxe4 24. Qxe4 Be6 25. Re1 Nd8 26. Re3
Qh5 27. f4 Bd5 28. Qe7 Nc6 29. Qxb7 Qd1+ 30. Bf1 Ne5 31. Qb4 Nc4 32. Rd3 Qxc2
33. Rxd5 Rc8 34. Rc5 1-0

[Event "SV Recklinghausen-Süd 1 - SG Bochum 3"]
[Site "Verbandsliga, Gruppe 2 2017/2"]
[Date "2017.12.03"]
[Round "4.3"]
[White "Fistoul, Boris"]
[Black "Callenberg, Ralf"]
[Result "1-0"]
[WhiteElo "1961"]
[BlackElo "2029"]
[PlyCount "49"]
[EventDate "2017.??.??"]

1. d4 Nf6 2. c4 g6 3. f3 d5 4. cxd5 Nxd5 5. e4 Nf6 6. Nc3 Bg7 7. Be3 O-O 8. Qd2
c5 9. d5 Nbd7 10. g4 h5 11. gxh5 Nxh5 12. Be2 b6 13. Nh3 Ndf6 14. Nf4 Nxf4 15.
Bxf4 e6 16. Bg5 Qe8 17. d6 Bb7 18. h4 Nh5 19. O-O-O Qd7 20. Rhg1 Bd4 21. Be7
Rfe8 22. Qg5 Kh7 23. Rg2 Bc6 24. e5 Qb7 25. Bd3 1-0

[Event "SV Recklinghausen-Süd 1 - SG Bochum 3"]
[Site "Verbandsliga, Gruppe 2 2017/2"]
[Date "2017.12.03"]
[Round "4.4"]
[White "Mecklenburg, Roland"]
[Black "Biermann, Florian"]
[Result "1-0"]
[WhiteElo "2010"]
[BlackElo "1932"]
[PlyCount "45"]
[EventDate "2017.??.??"]

1. d4 Nf6 2. Nf3 g6 3. c4 Bg7 4. g3 O-O 5. Bg2 d6 6. O-O Nc6 7. d5 Na5 8. Na3
c5 9. Nd2 a6 10. Rb1 Nd7 11. f4 b5 12. b3 Rb8 13. Bb2 Bxb2 14. Rxb2 bxc4 15.
Naxc4 Nxc4 16. Nxc4 Nb6 17. Rc2 Nxc4 18. Rxc4 a5 19. Qd2 Ba6 20. Rc3 a4 21. f5
Qd7 22. g4 Rb4 23. Qh6 1-0

[Event "SV Recklinghausen-Süd 1 - SG Bochum 3"]
[Site "Verbandsliga, Gruppe 2 2017/2"]
[Date "2017.12.03"]
[Round "4.5"]
[White "Biermann, Lenhard"]
[Black "Höfker, Mathias"]
[Result "0-1"]
[WhiteElo "1946"]
[BlackElo "2047"]
[PlyCount "90"]
[EventDate "2017.??.??"]

1. d4 e6 2. Nf3 d5 3. c4 c5 4. cxd5 exd5 5. Nc3 Nc6 6. g3 Nf6 7. Bg5 Be7 8. Bg2
O-O 9. O-O cxd4 10. Nxd4 Re8 11. Rc1 h6 12. Be3 Bf8 13. Nxc6 bxc6 14. Na4 Qa5
15. a3 Ba6 16. b4 Qb5 17. Nc3 Qb7 18. Bf3 Bc4 19. Qd4 Qe7 20. Rfe1 a5 21. Bd2
axb4 22. axb4 Qe5 23. Qxe5 Rxe5 24. Nd1 Ne4 25. Bxe4 Rxe4 26. Nb2 Bb5 27. Nd3
Ra2 28. Rcd1 Rc4 29. Nc1 Rxd2 30. Rxd2 Bxb4 31. Rdd1 Bxe1 32. Rxe1 Rc2 33. Nd3
c5 34. Rb1 Bd7 35. Nf4 d4 36. Rd1 Bf5 37. Nd3 Kf8 38. Kf1 Ke7 39. Re1 Kd6 40.
Ra1 c4 41. Ra6+ Ke7 42. Ra7+ Kf6 43. Nf4 g5 44. Nd5+ Ke5 45. Ra5 Rc1+ 0-1

[Event "SV Recklinghausen-Süd 1 - SG Bochum 3"]
[Site "Verbandsliga, Gruppe 2 2017/2"]
[Date "2017.12.03"]
[Round "4.6"]
[White "Parado, Dominador"]
[Black "Zeldin, Vitali"]
[Result "0-1"]
[WhiteElo "1930"]
[BlackElo "1970"]
[PlyCount "104"]
[EventDate "2017.??.??"]

1. Nf3 c5 2. c4 Nc6 3. Nc3 d6 4. e3 g6 5. b3 Bg7 6. Bb2 Nf6 7. Nd5 e6 8. Nxf6+
Bxf6 9. Bxf6 Qxf6 10. Be2 O-O 11. Rc1 e5 12. d3 Qe7 13. h4 h6 14. Qd2 Rd8 15.
e4 Kg7 16. Nh2 Qxh4 17. g3 Qg5 18. Qb2 Nd4 19. Nf3 Nxf3+ 20. Bxf3 h5 21. Ke2
Bg4 22. Rh4 Bxf3+ 23. Kxf3 f5 24. exf5 Qxf5+ 25. Kg2 Qxd3 26. Rc3 Qf5 27. Rf3
Qe6 28. g4 g5 29. Qd2 gxh4 30. Qg5+ Qg6 31. Qe7+ Kh8 32. Rf6 Qxg4+ 33. Kh2 Qg7
34. Qe6 Rf8 35. Rh6+ Qh7 36. Qxd6 Rae8 37. Rxh7+ Kxh7 38. Qxc5 Rf7 39. Qe3 Rg7
40. Qe4+ Kh6 41. Qe3+ Rg5 42. Kh3 Rf8 43. c5 Rf4 44. a3 Rgf5 45. b4 Kg6 46. Kg2
Rxf2+ 47. Qxf2 Rxf2+ 48. Kxf2 Kf5 49. b5 e4 50. a4 h3 51. a5 e3+ 52. Kxe3 h2
0-1

[Event "SV Recklinghausen-Süd 1 - SG Bochum 3"]
[Site "Verbandsliga, Gruppe 2 2017/2"]
[Date "2017.12.03"]
[Round "4.7"]
[White "Pilat, Fabian"]
[Black "Hajra, Hetem"]
[Result "1/2-1/2"]
[WhiteElo "1951"]
[BlackElo "1936"]
[PlyCount "38"]
[EventDate "2017.??.??"]

1. d4 d5 2. Nf3 e6 3. e3 c5 4. b3 cxd4 5. exd4 Nf6 6. Bb2 Nc6 7. Nbd2 Be7 8.
Bd3 Nb4 9. Be2 O-O 10. a3 Nc6 11. Bd3 b6 12. O-O a5 13. Ne5 Nxe5 14. dxe5 Nd7
15. c4 Bb7 16. Qg4 Nc5 17. Bc2 f5 18. exf6 Bxf6 19. Qh5 g6 1/2-1/2

[Event "SV Recklinghausen-Süd 1 - SG Bochum 3"]
[Site "Verbandsliga, Gruppe 2 2017/2"]
[Date "2017.12.03"]
[Round "4.8"]
[White "Meyer, Jürgen"]
[Black "Finke, Dominik"]
[Result "1-0"]
[WhiteElo "1876"]
[BlackElo "1989"]
[PlyCount "57"]
[EventDate "2017.??.??"]

1. e4 e5 2. Nf3 Nc6 3. Bb5 a6 4. Bxc6 dxc6 5. O-O Be7 6. d4 exd4 7. Nxd4 c5 8.
Nb3 Qxd1 9. Rxd1 Bd7 10. Be3 b6 11. Nc3 O-O-O 12. Nd5 Be6 13. a4 Bxd5 14. exd5
Bf6 15. a5 c4 16. Nd4 b5 17. Nc6 Rd7 18. c3 Ne7 19. Nb4 Kb7 20. Rd2 Be5 21.
Rad1 Rhd8 22. g3 Bd6 23. Nc2 Nf5 24. Kf1 c6 25. dxc6+ Kxc6 26. Bb6 Re8 27. Nb4+
Bxb4 28. Rxd7 Nd6 29. Rc7# 1-0

[Event "SC Doppelbauer Brambauer 1 - SV Mülheim"]
[Site "Verbandsliga, Gruppe 2 2017/2"]
[Date "2017.12.03"]
[Round "4.2"]
[White "Schulz, Hartmut"]
[Black "Wagner, Leopold Franziskus"]
[Result "1/2-1/2"]
[WhiteElo "2042"]
[BlackElo "2070"]
[PlyCount "61"]
[EventDate "2017.??.??"]

1. d4 Nf6 2. Nf3 e6 3. Bf4 d5 4. e3 c5 5. c3 Nc6 6. Nbd2 Bd6 7. Bg3 O-O 8. Bd3
b6 9. Ne5 Qc7 10. f4 Bb7 11. Bh4 Ne8 12. O-O f6 13. Nxc6 Bxc6 14. Qc2 f5 15.
Nf3 Nf6 16. Bxf6 gxf6 17. Qf2 Kh8 18. Qh4 Qg7 19. Nd2 Rg8 20. Qh3 Qg4 21. Qxg4
Rxg4 22. Be2 Rg7 23. Bf3 Rc8 24. Be2 b5 25. g3 Rb7 26. Kf2 Bd7 27. Rg1 Rbc7 28.
dxc5 Bxc5 29. Nb3 Bd6 30. a3 a6 31. Rgd1 1/2-1/2

[Event "SC Doppelbauer Brambauer 1 - SV Mülheim"]
[Site "Verbandsliga, Gruppe 2 2017/2"]
[Date "2017.12.03"]
[Round "4.3"]
[White "Limbourg, Philipp"]
[Black "Koth, Stefan"]
[Result "1-0"]
[WhiteElo "2165"]
[BlackElo "2045"]
[PlyCount "143"]
[EventDate "2017.??.??"]

1. e4 c5 2. Nc3 e6 3. f4 Nc6 4. Nf3 d5 5. Bb5 Nge7 6. exd5 exd5 7. Qe2 g6 8.
Qe3 Qd6 9. Qe5 Qxe5+ 10. Nxe5 Bd7 11. Bxc6 Bxc6 12. Nxc6 bxc6 13. b3 Nf5 14.
Bb2 Bg7 15. O-O-O Bxc3 16. Bxc3 Nd4 17. Rde1+ Kd7 18. d3 Rhe8 19. Kd2 Rxe1 20.
Rxe1 Re8 21. Rxe8 Kxe8 22. Bxd4 cxd4 23. c3 dxc3+ 24. Kxc3 Kd7 25. Kb4 Kd6 26.
g3 h6 27. h3 f5 28. h4 a5+ 29. Kxa5 Kc5 30. a4 Kd4 31. Kb6 Kxd3 32. a5 Ke2 33.
a6 d4 34. a7 d3 35. a8=Q d2 36. Qe8+ Kf2 37. Qd7 Ke2 38. Qe6+ Kf2 39. Qd6 Ke2
40. Qe5+ Kf2 41. Qd4+ Ke2 42. Qc4+ Ke1 43. Qc3 Ke2 44. Qc2 Ke1 45. h5 gxh5 46.
Qc3 Ke2 47. Qe5+ Kf2 48. Qd6 Ke1 49. Qe7+ Kf2 50. Qd8 Ke1 51. Qe8+ Kd1 52. Kxc6
Kc1 53. Qe3 Kc2 54. Qe2 Kc1 55. Qc4+ Kb2 56. Qd3 Kc1 57. Qc3+ Kd1 58. b4 Ke2
59. Qc2 Ke1 60. b5 d1=Q 61. Qxd1+ Kxd1 62. b6 Ke2 63. b7 Kf3 64. b8=Q Kxg3 65.
Kd5 h4 66. Ke5 h3 67. Qg8+ Kf2 68. Qg6 h2 69. Qxh6 Kg2 70. Kxf5 h1=Q 71. Qxh1+
Kxh1 72. Kg6 1-0

[Event "SC Doppelbauer Brambauer 1 - SV Mülheim"]
[Site "Verbandsliga, Gruppe 2 2017/2"]
[Date "2017.12.03"]
[Round "4.5"]
[White "Kuipers, Dustin"]
[Black "Zimmermann, Dirk"]
[Result "1/2-1/2"]
[WhiteElo "1997"]
[BlackElo "1938"]
[PlyCount "35"]
[EventDate "2017.??.??"]

1. Nf3 g6 2. d4 Bg7 3. g3 Nf6 4. Bg2 O-O 5. O-O d5 6. Be3 Bf5 7. Qc1 Nc6 8. Rd1
Be4 9. Nbd2 e6 10. Nxe4 Nxe4 11. c4 Ne7 12. Qc2 c6 13. c5 Nf5 14. Qb3 Nxe3 15.
Qxe3 Qc7 16. Ne1 Nf6 17. Nd3 Nd7 18. f4 1/2-1/2

[Event "SC Doppelbauer Brambauer 1 - SV Mülheim"]
[Site "Verbandsliga, Gruppe 2 2017/2"]
[Date "2017.12.03"]
[Round "4.6"]
[White "Jochmann, Christian"]
[Black "Mainusch, Martin"]
[Result "1-0"]
[WhiteElo "1821"]
[BlackElo "1978"]
[PlyCount "51"]
[EventDate "2017.??.??"]

1. e4 e6 2. d4 d5 3. Nd2 Nf6 4. e5 Nfd7 5. Bd3 c5 6. c3 b6 7. Ne2 Ba6 8. Bxa6
Nxa6 9. O-O Be7 10. Nf4 O-O 11. Qg4 Kh8 12. Nf3 Nc7 13. h4 cxd4 14. cxd4 f5 15.
Qh5 Qe8 16. Qxe8 Rfxe8 17. Bd2 Nf8 18. Rac1 Na6 19. Rc6 Rac8 20. Rfc1 Rxc6 21.
Rxc6 Bd8 22. Rc8 Nc7 23. Bb4 Ng6 24. Nxg6+ hxg6 25. Bd6 Nb5 26. Be7 1-0

[Event "SC Doppelbauer Brambauer 1 - SV Mülheim"]
[Site "Verbandsliga, Gruppe 2 2017/2"]
[Date "2017.12.03"]
[Round "4.7"]
[White "Grodotzki, Kenneth"]
[Black "Rips, Frank"]
[Result "1-0"]
[WhiteElo "1985"]
[BlackElo "1791"]
[PlyCount "53"]
[EventDate "2017.??.??"]

1. f4 d5 2. Nf3 Nf6 3. d3 e6 4. g3 Nbd7 5. Bg2 Bd6 6. O-O O-O 7. Nc3 c6 8. Kh1
e5 9. e4 dxe4 10. dxe4 Qc7 11. f5 Nc5 12. Qe2 b6 13. Re1 Ba6 14. Qd2 Rad8 15.
h3 Be7 16. Qf2 Rd7 17. g4 Rfd8 18. Qg3 Bd6 19. Bg5 Re8 20. h4 Rdd8 21. h5 h6
22. Bc1 Bf8 23. Qh4 Be7 24. Qg3 Qc8 25. Bh3 Nh7 26. g5 Kh8 27. f6 1-0

[Event "SC Doppelbauer Brambauer 1 - SV Mülheim"]
[Site "Verbandsliga, Gruppe 2 2017/2"]
[Date "2017.12.03"]
[Round "4.8"]
[White "Zabel, Reinhard"]
[Black "Brockhaus, Bernd"]
[Result "0-1"]
[WhiteElo "1457"]
[BlackElo "1954"]
[PlyCount "44"]
[EventDate "2017.??.??"]

1. d4 Nf6 2. c4 g6 3. Nf3 Bg7 4. Nc3 c5 5. d5 d6 6. e4 Nbd7 7. Bd3 Ng4 8. Rb1
Nge5 9. Be2 Nxf3+ 10. Bxf3 O-O 11. O-O Ne5 12. Be2 f5 13. f3 f4 14. Qc2 g5 15.
h3 Qe8 16. Qd1 Qh5 17. Qe1 Rf6 18. Qf2 Rh6 19. g4 Nxg4 20. fxg4 Qxh3 21. Qg2
Bd4+ 22. Rf2 Qg3 0-1

[Event "SG Gladbeck 1 - SV Rot-Weiß-Altenessen "]
[Site "Verbandsliga, Gruppe 2 2017/2"]
[Date "2017.12.03"]
[Round "4.1"]
[White "Praß, Marian"]
[Black "Mancic, Ivan"]
[Result "0-1"]
[WhiteElo "2005"]
[BlackElo "2129"]
[PlyCount "60"]
[EventDate "2017.??.??"]

1. e4 c5 2. Nf3 d6 3. d4 cxd4 4. Nxd4 Nf6 5. Nc3 g6 6. Be3 Bg7 7. Be2 O-O 8.
O-O a6 9. a4 b6 10. f4 Bb7 11. Bf3 e5 12. fxe5 dxe5 13. Nb3 Qc7 14. a5 b5 15.
Bb6 Qc8 16. Qe2 Nbd7 17. Bf2 Re8 18. Na2 Qc7 19. c3 Nf8 20. Nc5 N6d7 21. Nxb7
Qxb7 22. Nb4 Ne6 23. Bg4 Nf4 24. Qf3 Nf6 25. g3 Nxg4 26. Qxg4 f5 27. Qf3 Nh3+
28. Kg2 Ng5 29. Qe2 Nxe4 30. Qf3 g5 0-1

[Event "SG Gladbeck 1 - SV Rot-Weiß-Altenessen "]
[Site "Verbandsliga, Gruppe 2 2017/2"]
[Date "2017.12.03"]
[Round "4.2"]
[White "Frohne, Gerd"]
[Black "Kordonowski, Frank"]
[Result "1-0"]
[WhiteElo "2064"]
[BlackElo "2000"]
[PlyCount "159"]
[EventDate "2017.??.??"]

1. d4 d6 2. Nf3 Nf6 3. c4 Nbd7 4. Nc3 e5 5. e3 c6 6. Be2 Be7 7. O-O Qc7 8. b4
Nf8 9. a4 Ng6 10. a5 O-O 11. b5 cxb5 12. Nxb5 Qb8 13. Ba3 Rd8 14. dxe5 dxe5 15.
Qxd8+ Bxd8 16. Bd6 a6 17. Bxb8 Rxb8 18. Nd6 Bd7 19. Ng5 Bc7 20. c5 h6 21. Ngxf7
Be6 22. Rfb1 Bxf7 23. Nxf7 Kxf7 24. c6 bxc6 25. Rxb8 Bxb8 26. Bxa6 Ke7 27. Rb1
Bc7 28. Rb7 Kd8 29. Bd3 Kc8 30. a6 Ne7 31. Bc4 Ned5 32. f3 e4 33. Kf2 g5 34. h3
h5 35. Rb3 Nb6 36. Be6+ Kb8 37. Rc3 exf3 38. Kxf3 Nfd7 39. Ke4 Ne5 40. Rc5 Ka7
41. Rxe5 Bxe5 42. Kxe5 Kxa6 43. Kf5 g4 44. hxg4 hxg4 45. Kxg4 c5 46. Kf4 Kb5
47. g4 Kc6 48. Ke5 c4 49. Kd4 c3 50. Kxc3 Kd6 51. Bb3 Ke5 52. Kd3 Nd7 53. Ke2
Ke4 54. Bc2+ Ke5 55. Kf3 Nf6 56. g5 Nd5 57. Bb1 Nc3 58. Bd3 Nd5 59. Bc2 Nb4 60.
Be4 Na6 61. g6 Kf6 62. Kf4 Nc5 63. Bf5 Nb3 64. Bc2 Nc5 65. Kg4 Nd7 66. Kh5 Kg7
67. Kg5 Ne5 68. Bf5 Nc6 69. Be4 Ne5 70. Kf4 Nc4 71. Bf5 Kf6 72. e4 Nb6 73. e5+
Kg7 74. Ke4 Nc4 75. Kd4 Nd2 76. Kd5 Nf1 77. Bd3 Ne3+ 78. Kd6 Ng4 79. e6 Nf6 80.
e7 1-0

[Event "SG Gladbeck 1 - SV Rot-Weiß-Altenessen "]
[Site "Verbandsliga, Gruppe 2 2017/2"]
[Date "2017.12.03"]
[Round "4.3"]
[White "Birdaini, Becir"]
[Black "Berg, Dietmar"]
[Result "1/2-1/2"]
[WhiteElo "2010"]
[BlackElo "1969"]
[PlyCount "111"]
[EventDate "2017.??.??"]

1. e4 c5 2. Nf3 d6 3. Nc3 Nf6 4. Bb5+ Bd7 5. Bxd7+ Qxd7 6. d3 g6 7. O-O Nc6 8.
Re1 Bg7 9. Bd2 O-O 10. Qc1 Rfe8 11. h3 Rac8 12. Ne2 b5 13. Ng3 Nd4 14. Nh2 b4
15. c3 bxc3 16. bxc3 Nc6 17. Qc2 Rb8 18. Rab1 Rec8 19. Nhf1 Qd8 20. Ne3 e6 21.
Qa4 Qc7 22. d4 Nd7 23. d5 Nce5 24. Qa6 c4 25. Rf1 Nc5 26. Qa3 Ncd3 27. f4 Nd7
28. f5 exf5 29. exf5 Be5 30. Ne4 Rxb1 31. Rxb1 Rb8 32. Rf1 Qb6 33. fxg6 hxg6
34. Qa4 Bf4 35. Qxd7 Bxe3+ 36. Kh2 Ne5 37. Bxe3 Nxd7 38. Bxb6 Rxb6 39. Nf6+
Nxf6 40. Rxf6 Ra6 41. Rf4 Rxa2 42. Rxc4 Rd2 43. Ra4 Rxd5 44. Rxa7 Rc5 45. Ra3
Kg7 46. Kg3 Kf6 47. Kf4 Rc4+ 48. Ke3 Ke5 49. g3 Re4+ 50. Kd2 Ke6 51. Ra8 Kd5
52. Rf8 Re7 53. Kd3 Ke5 54. c4 g5 55. Rb8 f6 56. Rh8 1/2-1/2

[Event "SG Gladbeck 1 - SV Rot-Weiß-Altenessen "]
[Site "Verbandsliga, Gruppe 2 2017/2"]
[Date "2017.12.03"]
[Round "4.4"]
[White "Rickert, Stefan"]
[Black "Cavasin, Joerg"]
[Result "1/2-1/2"]
[WhiteElo "1911"]
[BlackElo "1891"]
[PlyCount "64"]
[EventDate "2017.??.??"]

1. c4 c5 2. Nf3 Nf6 3. Nc3 Nc6 4. e3 e6 5. d4 d5 6. dxc5 Bxc5 7. a3 O-O 8. b4
Be7 9. cxd5 exd5 10. Be2 Be6 11. O-O Ne4 12. Nxe4 dxe4 13. Nd2 f5 14. Bb2 Bf6
15. Bxf6 Qxf6 16. Bc4 Ne5 17. Bxe6+ Qxe6 18. Qb3 Qxb3 19. Nxb3 Rac8 20. Rfc1
Nd3 21. Rxc8 Rxc8 22. Nd4 g6 23. Kf1 Kf7 24. Ke2 Kf6 25. f3 Ke5 26. fxe4 fxe4
27. Rf1 Rc7 28. Rf8 Re7 29. Kd2 a6 30. g4 Nb2 31. Kc3 Nd1+ 32. Kd2 Nb2 1/2-1/2

[Event "SG Gladbeck 1 - SV Rot-Weiß-Altenessen "]
[Site "Verbandsliga, Gruppe 2 2017/2"]
[Date "2017.12.03"]
[Round "4.5"]
[White "Rohloff, Markus"]
[Black "Kucheyda, Joerg"]
[Result "1-0"]
[WhiteElo "1851"]
[BlackElo "1939"]
[PlyCount "65"]
[EventDate "2017.??.??"]

1. e4 e6 2. d4 d5 3. Nc3 Bb4 4. e5 c5 5. a3 Bxc3+ 6. bxc3 Qc7 7. Qg4 Ne7 8.
Qxg7 Rg8 9. Qxh7 cxd4 10. Qd3 dxc3 11. Ne2 Nbc6 12. f4 d4 13. Nxd4 Nxd4 14.
Qxd4 Bd7 15. a4 Nf5 16. Qf2 Bc6 17. Rg1 O-O-O 18. Qxa7 Qd7 19. Bd3 Qd5 20. Ba3
Rxg2 21. Rxg2 Qxg2 22. O-O-O Rd5 23. Bc5 Qxh2 24. Kb1 Qxf4 25. Rg1 Ng3 26. Qb6
Qxe5 27. Bf2 Rxd3 28. cxd3 c2+ 29. Kxc2 Bxa4+ 30. Kb1 Qc3 31. Rxg3 Qc2+ 32. Ka1
Qc1+ 33. Ka2 1-0

[Event "SG Gladbeck 1 - SV Rot-Weiß-Altenessen "]
[Site "Verbandsliga, Gruppe 2 2017/2"]
[Date "2017.12.03"]
[Round "4.6"]
[White "Wenzel, Martin"]
[Black "Avgustin, Thomas"]
[Result "0-1"]
[WhiteElo "1944"]
[BlackElo "1709"]
[PlyCount "98"]
[EventDate "2017.??.??"]

1. e4 g6 2. d4 Bg7 3. f4 c5 4. c3 Qb6 5. Nf3 d6 6. Bc4 Nf6 7. e5 dxe5 8. fxe5
Ng8 9. Ng5 Nh6 10. e6 cxd4 11. exf7+ Kf8 12. cxd4 Qxd4 13. Qxd4 Bxd4 14. Ne6+
Bxe6 15. Bxh6+ Kxf7 16. Rf1+ Bf6 17. Nd2 Nc6 18. g4 Bxc4 19. Nxc4 Ke6 20. g5
Bd4 21. O-O-O Kd5 22. Ne3+ Kc5 23. Nc2 Rad8 24. Nxd4 Nxd4 25. Rf7 Nf5 26. Rxd8
Rxd8 27. Rxh7 b5 28. Rf7 Kd6 29. Rf8 Rxf8 30. Bxf8 Ke5 31. Kd2 Kf4 32. Bh6 Kf3
33. Kc3 a5 34. b3 Nd6 35. Bf8 Ne4+ 36. Kd4 e6 37. Be7 Kf4 38. h4 e5+ 39. Kd5
Nc3+ 40. Ke6 e4 41. Bc5 Kg4 42. Be3 Nxa2 43. Kf6 Kh5 44. Bd2 b4 45. Be1 a4 46.
bxa4 b3 47. a5 b2 48. a6 b1=Q 49. Bf2 Qf1 0-1

[Event "SG Gladbeck 1 - SV Rot-Weiß-Altenessen "]
[Site "Verbandsliga, Gruppe 2 2017/2"]
[Date "2017.12.03"]
[Round "4.7"]
[White "Metzner, Carsten"]
[Black "Schelwokat, Peter"]
[Result "1-0"]
[WhiteElo "1787"]
[BlackElo "1883"]
[PlyCount "71"]
[EventDate "2017.??.??"]

1. d4 d5 2. Nf3 e6 3. Bf4 Nf6 4. e3 Nbd7 5. c4 c6 6. Nc3 Be7 7. Bd3 dxc4 8.
Bxc4 b5 9. Bd3 Bb7 10. O-O O-O 11. Rc1 Rc8 12. Qe2 a6 13. Rfd1 Qa5 14. a3 Rfd8
15. e4 g6 16. Bd2 Qb6 17. e5 Ne8 18. b4 Qa7 19. h4 a5 20. Ne4 axb4 21. axb4 Ng7
22. Ra1 Qb6 23. g4 h5 24. gxh5 Nxh5 25. Nc5 Ra8 26. Qe4 Nxc5 27. dxc5 Qc7 28.
Rxa8 Rxa8 29. Bh6 Ng7 30. Bxg7 Kxg7 31. h5 Rg8 32. Qg4 g5 33. Kf1 Kh6 34. Qe4
Rg7 35. Nh2 Kxh5 36. Qg4+ 1-0

[Event "SG Gladbeck 1 - SV Rot-Weiß-Altenessen "]
[Site "Verbandsliga, Gruppe 2 2017/2"]
[Date "2017.12.03"]
[Round "4.8"]
[White "Winzbeck, Frank"]
[Black "Drawe, Thomas"]
[Result "1-0"]
[WhiteElo "1840"]
[BlackElo "1861"]
[PlyCount "83"]
[EventDate "2017.??.??"]

1. d4 c6 2. c4 Nf6 3. Nc3 g6 4. e4 d6 5. f4 e5 6. fxe5 dxe5 7. d5 Bg7 8. Nf3
Bg4 9. h3 Bxf3 10. Qxf3 O-O 11. Be3 a5 12. Bd3 Nbd7 13. O-O Qe7 14. a3 Qd6 15.
Rab1 Nc5 16. Bc2 Rab8 17. b4 axb4 18. axb4 Na6 19. c5 Qd7 20. d6 b6 21. Na4
bxc5 22. bxc5 Rb4 23. Nb6 Qe6 24. Bd3 Rxb1 25. Rxb1 Qa2 26. Qd1 Nb8 27. Ra1 Qb2
28. Rb1 Qa2 29. Bc4 Qa5 30. Qf3 Nbd7 31. Nxd7 Nxd7 32. Rb7 Qd8 33. Rc7 Kh8 34.
Rxc6 f5 35. Ra6 fxe4 36. Qxe4 Nf6 37. Qh4 Qb8 38. Rb6 Qd8 39. Rb7 Qc8 40. Re7
Nd7 41. Be6 Qa6 42. Bxd7 1-0

[Event "SF Buer 1 - FS Dortmund 1"]
[Site "Verbandsklasse, Gruppe 1 2017"]
[Date "2017.12.03"]
[Round "4.1"]
[White "Reichmann, Oleg"]
[Black "Große-Frintrop, Gerd"]
[Result "0-1"]
[WhiteElo "1988"]
[BlackElo "1957"]
[PlyCount "120"]
[EventDate "2017.??.??"]

1. Nf3 f5 2. g3 Nf6 3. Bg2 g6 4. c4 Bg7 5. Nc3 d6 6. d4 O-O 7. O-O e6 8. Re1
Ne4 9. Qc2 d5 10. cxd5 exd5 11. Ne5 c6 12. f3 Ng5 13. e3 Ne6 14. b3 Nd7 15. Ba3
Nxe5 16. dxe5 Re8 17. f4 Bd7 18. Rad1 Qa5 19. Bd6 Rac8 20. b4 Qd8 21. Qb3 a6
22. a4 Bf8 23. Bxf8 Kxf8 24. Kh1 b5 25. Ne2 Qb6 26. a5 Qa7 27. Nd4 Qb7 28. Rc1
Nxd4 29. exd4 Re6 30. Rc5 Rce8 31. Rec1 h5 32. Bf3 R8e7 33. Kg2 Qa8 34. Kf2 Rh7
35. h3 Ke7 36. R5c2 Qb7 37. Rg1 Qa7 38. Rc5 Qa8 39. Ke3 Qf8 40. Qc2 Qh6 41. Qd3
Rf7 42. Rc2 g5 43. Qc3 g4 44. Qc5+ Ke8 45. hxg4 fxg4 46. Bd1 Qh7 47. Rh2 Qe4+
48. Kf2 Rh6 49. Rh4 Rxf4+ 50. gxf4 Qxf4+ 51. Kg2 Bf5 52. Re1 Qd2+ 53. Kf1 Bd3+
54. Be2 Qf4+ 55. Kg1 Qg3+ 56. Kf1 Be4 57. Rh2 Qxh2 58. Rc1 Qg3 59. Bd1 Bd3+ 60.
Be2 Qf3+ 0-1

[Event "SF Buer 1 - FS Dortmund 1"]
[Site "Verbandsklasse, Gruppe 1 2017"]
[Date "2017.12.03"]
[Round "4.2"]
[White "Renk, Christoph"]
[Black "Khess, Igor"]
[Result "0-1"]
[WhiteElo "1975"]
[BlackElo "1954"]
[PlyCount "108"]
[EventDate "2017.??.??"]

1. Nf3 d5 2. c4 d4 3. e3 c5 4. b4 dxe3 5. fxe3 cxb4 6. d4 e6 7. Bd3 Nf6 8. O-O
Be7 9. Bb2 O-O 10. e4 Nbd7 11. e5 Ne8 12. Qe2 g6 13. Nbd2 b6 14. Be4 Rb8 15. a3
bxa3 16. Bxa3 a5 17. Qe3 Kg7 18. Bc2 Ba6 19. Bd3 Bxa3 20. Rxa3 Rc8 21. h4 Nb8
22. h5 Nc6 23. Bb1 Nb4 24. Ng5 Qd7 25. Nxh7 Rh8 26. Ng5 Rf8 27. Qf4 Bxc4 28.
Bxg6 Bxf1 29. h6+ Kh8 30. Rf3 Bd3 31. Bxd3 Nxd3 32. Qe4 Rc1+ 33. Kh2 f5 34.
Qxd3 Nc7 35. Rf2 Nb5 36. Ndf3 Qe8 37. Rb2 Qh5+ 38. Nh3 Nc7 39. Rxb6 Rg8 40. Qd2
Qg4 41. Nfg5 Rd1 42. Qe3 Qxd4 43. Qxd4 Rxd4 44. Rb7 Rc4 45. Nf7+ Kh7 46. Nhg5+
Rxg5 47. Nxg5+ Kxh6 48. Nf7+ Kg6 49. Nd6 Rc5 50. Ra7 Nd5 51. Nf7 Rc7 52. Rxc7
Nxc7 53. Nd6 Kg5 54. Kg3 a4 0-1

[Event "SF Buer 1 - FS Dortmund 1"]
[Site "Verbandsklasse, Gruppe 1 2017"]
[Date "2017.12.03"]
[Round "4.3"]
[White "Brendemuehl, Bernd"]
[Black "Wilbert, Siegfried"]
[Result "1-0"]
[WhiteElo "1881"]
[BlackElo "1992"]
[PlyCount "141"]
[EventDate "2017.??.??"]

1. e4 c5 2. Nf3 d6 3. d4 cxd4 4. Nxd4 Nf6 5. Nc3 a6 6. Be2 e5 7. Nb3 Be7 8. Be3
Be6 9. O-O Nbd7 10. f4 Rc8 11. f5 Bc4 12. Bxc4 Rxc4 13. Qf3 O-O 14. Rad1 b5 15.
a3 Qc7 16. Nd2 Rxc3 17. bxc3 Qxc3 18. g4 Rc8 19. g5 Ng4 20. Qxg4 Qxe3+ 21. Kh1
Qxg5 22. Qxg5 Bxg5 23. Nf3 Be7 24. Rf2 Rc4 25. Re2 Nc5 26. Rde1 g6 27. fxg6
hxg6 28. Kg2 Ne6 29. Kf2 Rc3 30. Ra1 Bd8 31. Ne1 Bb6+ 32. Kf1 Bd4 33. Ra2 Nf4
34. Rd2 Re3 35. a4 b4 36. a5 Rxe4 37. Nf3 Bc5 38. Rb2 Re3 39. Rb3 Rc3 40. Rxc3
bxc3 41. Rd1 Kg7 42. Rb1 Kf6 43. Rb8 e4 44. Ne1 Ke5 45. Ra8 Kd4 46. Rxa6 Ke3
47. Rc6 Ne6 48. a6 Bd4 49. Rxd6 Bc5 50. Rd7 f5 51. a7 Bxa7 52. Rxa7 Nd4 53. Rg7
f4 54. Rxg6 f3 55. Rd6 Nf5 56. Rd5 Kf4 57. Rxf5+ Kxf5 58. Kf2 Kg4 59. Ke3 Kh3
60. Nxf3 exf3 61. Kxf3 Kxh2 62. Ke3 Kg3 63. Kd4 Kf4 64. Kxc3 Ke5 65. Kc4 Kd6
66. Kb5 Kc7 67. Kc5 Kb7 68. Kd6 Kc8 69. Kc6 Kb8 70. c4 Kc8 71. c5 1-0

[Event "SF Buer 1 - FS Dortmund 1"]
[Site "Verbandsklasse, Gruppe 1 2017"]
[Date "2017.12.03"]
[Round "4.4"]
[White "Schorra, Helmut"]
[Black "Grube, Joerg"]
[Result "1-0"]
[WhiteElo "2047"]
[BlackElo "1814"]
[PlyCount "55"]
[EventDate "2017.??.??"]

1. d4 Nf6 2. Nf3 g6 3. c4 Bg7 4. g3 O-O 5. Bg2 d6 6. O-O c5 7. Nc3 cxd4 8. Nxd4
Qb6 9. Nc2 Nc6 10. Rb1 Be6 11. b3 Rac8 12. e4 Nd7 13. Nd5 Qa6 14. a4 Rfe8 15.
Nce3 Kh8 16. Kh1 Bxd5 17. cxd5 Nb4 18. Bh3 Rcd8 19. Qd2 Qb6 20. Bb2 Bxb2 21.
Qxb2+ Kg8 22. Ng4 f6 23. Qd2 Nf8 24. Rfe1 h5 25. Ne3 e5 26. dxe6 Nxe6 27. Nd5
Nxd5 28. Qxd5 1-0

[Event "SF Buer 1 - FS Dortmund 1"]
[Site "Verbandsklasse, Gruppe 1 2017"]
[Date "2017.12.03"]
[Round "4.5"]
[White "Lauche, Christoph"]
[Black "Andersen, Knut"]
[Result "1/2-1/2"]
[WhiteElo "1827"]
[BlackElo "1970"]
[PlyCount "120"]
[EventDate "2017.??.??"]

1. e4 c5 2. b4 cxb4 3. a3 d5 4. exd5 Qxd5 5. Nf3 e5 6. c4 Qe6 7. Bd3 Nc6 8. O-O
Bd6 9. Re1 Nge7 10. axb4 Nxb4 11. Bf1 Qf5 12. Nc3 Nbc6 13. Ne4 Bc7 14. Bb2 O-O
15. Ng3 Qf4 16. Re4 Qh6 17. Nxe5 Nxe5 18. Bxe5 Bxe5 19. Rxe5 Nc6 20. Re1 Qd6
21. Ne4 Qd4 22. c5 Be6 23. Qh5 h6 24. Ra3 Rad8 25. Rg3 Kh8 26. Nd6 b6 27. Rxe6
fxe6 28. Nf7+ Rxf7 29. Qxf7 bxc5 30. Qxe6 Rf8 31. Re3 Qxd2 32. Re2 Nd4 33. Rxd2
Nxe6 34. Ra2 Rf7 35. Bc4 Rb7 36. g3 Nd4 37. Ra5 Rc7 38. Kg2 Kh7 39. f4 Kg6 40.
g4 Kf6 41. Ra6+ Ke7 42. h4 Nc6 43. h5 Nb4 44. Rg6 Kf8 45. Rd6 Nc6 46. g5 hxg5
47. fxg5 Ne5 48. Rd8+ Ke7 49. Rg8 Kd6 50. Rd8+ Rd7 51. Rxd7+ Nxd7 52. Kg3 Ke5
53. Kg4 a5 54. Ba2 a4 55. Bb1 c4 56. Kf3 Kd4 57. Ke2 Ke5 58. Kd2 Kf4 59. h6
gxh6 60. gxh6 Nf6 1/2-1/2